| 000 | 01370cam a2200277 4500 | ||
|---|---|---|---|
| 008 | 031201n2004 000 0 eng u | ||
| 020 | _a0273682229 | ||
| 035 | _a(Sirsi) u124537 | ||
| 041 | _aeng | ||
| 050 |
_a302.35 _c18 |
||
| 100 | _aBuchanan, David | ||
| 245 |
_aOrganizational behaviour _ban introductory text |
||
| 250 | _a5th ed. | ||
| 260 |
_aHarlow _bPearson Education _c2004 |
||
| 300 |
_axxxix, 959p. _c26cm. |
||
| 350 | _a36.99 | ||
| 520 | _aThis text provides a multidisciplinary approach to organisational behaviour. Provides concepts, theories, models and frameworks to help understand behaviour in organisations. Readers are encouraged to challenge current thinking critically in relation to their own ideas and experience, exploring alternative perspectives. Emphasises how organisational behaviour ideas and methods apply in practice. Covers the organisational context; structures; processes: organisational change, organisational culture and human resource management; organisation management: leadership, decision-making and conflict. Glossary and references. | ||
| 650 | _aORGANISATIONAL BEHAVIOUR | ||
| 650 | _aORGANISATIONAL CHANGE | ||
| 650 | _aORGANISATIONAL CULTURE | ||
| 650 | _aHUMAN RESOURCE MANAGEMENT | ||
| 650 | _aLEADERSHIP | ||
| 690 | _aMANAGEMENT-BUSINESS MANAGEMENT | ||
| 700 | _aHuczynski, Andrzej | ||
| 942 | _n0 | ||
| 999 |
_c103242 _d103242 |
||